=LDR 00000nam 2200000 4500 =001 NUTBA000000000001632 =005 20140507170644.0 =006 =007 =008 =035 ##$$a 0010-051400000000097 =100 ##$$a ABDULLAH =245 ##$$a SISTEM ADMINISTRASI KE7UANGAN NEGARA JILID I =260 ##$$a JAKARTA $b BHRATARA KARYA AKSARA $c 1982 =440 ##$$a SISTEM ADMINISTRASI KE7UANGAN NEGARA JILID I =700 ##$$a ABDULLAH =990 ##$$a 21196285/BPAP-NTB/2014